| 000 | 00602nam a2200193 a 4500 | ||
|---|---|---|---|
| 001 | 000009452 | ||
| 005 | 20240412074211.0 | ||
| 008 | 090930s1939 dr 000 p spa d | ||
| 040 |
_aDO-SdBNP _bspa _cBNPHU |
||
| 082 |
_aRD861.4 _bW373e |
||
| 100 | 1 |
_aWeber, Delia, _d1900-1982 _924257 |
|
| 245 | 1 | 0 |
_aEncuentro : _bpoemas / _cDelia Weber. |
| 260 |
_aCiudad Trujillo, República Dominicana : _bMontalvo, _c1939. |
||
| 300 |
_a80 p. ; _c20 cm. |
||
| 590 | _aInventariado, 2019/MFF | ||
| 650 | 0 |
_aPoesía dominicana _966 |
|
| 650 | 0 |
_aLiteratura dominicana. _967 |
|
| 910 | _aValidado. Control de calidad MFF | ||
| 999 |
_c9212 _d9212 |
||